Black resistance to the Ku Klux Klan in the wake of the civil war (Record no. 117194)

MARC details
000 -LEADER
fixed length control field 00651nam a2200205Ia 4500
008 - FIXED-LENGTH DATA ELEMENTS--GENERAL INFORMATION
fixed length control field 191130s2006##################000#0#eng##
020 ## - INTERNATIONAL STANDARD BOOK NUMBER
ISBN 9780786441006
082 ## - DEWEY DECIMAL CLASSIFICATION NUMBER
Classification number 975.7041 KIN
100 ## - MAIN ENTRY--AUTHOR NAME
Personal name Kinshasa, Kwando Mbiassi
245 ## - TITLE STATEMENT
Title Black resistance to the Ku Klux Klan in the wake of the civil war
Statement of responsibility, etc Kwando Mbiassi Kinshasa
260 ## - PUBLICATION, DISTRIBUTION, ETC. (IMPRINT)
Place of publication Jefferson, N.C
Name of publisher McFarland & Company
Year of publication 2006
300 ## - PHYSICAL DESCRIPTION
Number of Pages ix, 252 p. : ill. ; 27 cm.
650 ## - SUBJECT ADDED ENTRY--TOPICAL TERM
Topical Term African Americans--Crimes against
Topical Term Ethnic conflict
Topical Term South Carolina
991 ## -
-- 338451
Holdings
Withdrawn status Lost status Damaged status Not for loan Home library Current library Shelving location Date acquired Full call number Accession Number Price effective from Koha item type
        Anna Centenary Library Anna Centenary Library 7TH FLOOR, B WING 12.10.2020 975.7041 KIN 347316 12.10.2020 English Books

Find us on the map